000 00309nam a22001337a 4500
008 170922b xxu||||| |||| 00| 0 eng d
020 _a9780316791120
041 _aeng
080 _a37
100 _a46
101 _aEDU
245 _aTHE ASSESSMENT OF LEARNING DISABILITIES
_cSILVER, L.B
942 _2udc
_cBK
999 _c29146
_d29146